| 000 | 00665cam a22002174 4500 | ||
|---|---|---|---|
| 001 | ne 68003108 | ||
| 003 | DLC | ||
| 005 | 20260227111845.0 | ||
| 008 | 950427s1962 ir b 000 0 pero | ||
| 010 | _ane 68003108 | ||
| 035 | _a(OCoLC)32379021 | ||
| 040 |
_aDLC _cCU _dCU _dDLC |
||
| 042 | _apcc | ||
| 043 | _aa-af--- | ||
| 050 | 0 | 0 |
_aZ6958.A33 _bM36 1962 |
| 100 | 1 | _aMāyil Haravī, Rez̤a. | |
| 245 | 1 | 0 |
_aMuʻarrifī-i rūznāmahʹhā, jarāyid, majallāt-i Afghānistān / _cMāyil Haravī. |
| 260 |
_a[Afghanistan] : _bDi Parwān Dawlatī Maṭbaʻah, _c1341 [1962] |
||
| 300 |
_a6, 144 p. ; _c19 cm. |
||
| 650 | 0 |
_aPeriodicals _zAfghanistan _vBibliography. |
|
| 999 |
_c50693 _d50693 |
||